| 000 | 01032cam a22003497a 4500 | ||
|---|---|---|---|
| 003 | CHAP | ||
| 005 | 20220817043725.0 | ||
| 008 | 001023d2000 it a rn 00110 fre d | ||
| 010 | _a82705 | ||
| 011 | _a83677 | ||
| 020 | _a9252044000 | ||
| 035 | _a94192 | ||
| 040 | _cCHAP | ||
| 082 | 0 | 4 |
_a630 _bF32f v.32 |
| 110 | 2 | _aFAO | |
| 245 | 1 | 3 |
_aLa situation mondiale de l'alimentation et de l'agriculture, 2000 _c/par FAO |
| 260 |
_aRome : _bFAO, _c2000 |
||
| 300 |
_a329 p. : _bilus. + 1 diskette de 3 1/2 |
||
| 410 | _aFAO | ||
| 490 | 0 |
_aAgricultura _v; 32 |
|
| 590 |
_aBATCH-UPD _b10 _c20130110 _lUCH01 _h1636 |
||
| 590 |
_aBATCH-UPD _b10 _c20130410 _lUCH01 _h1027 |
||
| 590 |
_aCONVERSION _b10 _c20130109 _lUCH01 _h1346 |
||
| 650 | 1 | 4 |
_aAgricultura _xEstadisticas. _91417 |
| 650 | 1 | 4 |
_aAlimentos _xAbastecimiento. |
| 810 | 0 | _aFAO | |
| 830 | 0 |
_aAgricultura _v; 32 _91173 |
|
| 901 | _aBK | ||
| 905 | _aPatricia Mendoza P. | ||
| 942 | _cLIBRO | ||
| 949 |
_a630 F32f v.32 _bBC _cFAO _d33724000801155 _eFAO1 _h98949 _i94192 _kDonaciØn _sb |
||
| 999 |
_c82705 _d82705 |
||